| 000 | 00750nas a2200241 4500 | ||
|---|---|---|---|
| 001 | BR7200843 | ||
| 003 | BR-BrBNA | ||
| 005 | 20231205082357.0 | ||
| 007 | ta | ||
| 008 | 230509b bl.|||p| |||| 00| 00por d | ||
| 040 |
_aBR-BrBNA _bpor _cBiblioteca Nacional de Agricultura |
||
| 041 | _a(Pt) | ||
| 072 | _aF70 | ||
| 100 | 1 | _aVidal, W.N. | |
| 100 | 1 | _aVidal, M.R.R. | |
| 245 | 1 | _aOs tipos das plantas vasculares do herbario da Universidade Federal de Vicosa (VIC), 4: Ottonia [Minas Gerais, Brasil] | |
| 650 | _aHERBARIO | ||
| 650 | _aVICOSA | ||
| 650 | _aMINAS GERAIS | ||
| 773 | 0 |
_tRevista Ceres (Brazil) _xISSN 0034-737X _g(May-Jun 1972), v. 19(103) p. 182-194 _wBR7200843 |
|
| 909 |
_a202311 _bLúcia _c55 _dLúcia Elande |
||
| 942 |
_2AGRIS _n0 _cANA |
||
| 999 |
_c91304 _d91304 |
||